LEADER 00491oam 2200193z- 450 001 996465336503316 005 20190312224138.0 010 $a9783540381303 035 $a(CKB)1000000000229781 035 $a(EXLCZ)991000000000229781 100 $a20181118c1976uuuu -u- - 101 0 $aeng 200 10$aData Base Systems 210 $cSpringer Berlin Heidelberg 311 $a3-540-07612-3 906 $aBOOK 912 $a996465336503316 996 $aData base systems$91501948 997 $aUNISA